000 00481nam a22001697a 4500
008 240828b |||||||| |||| 00| 0 eng d
020 _a9789937092395
041 _aEng.
082 _223
_a824
_bJ791f
100 _aJosse, M.R.
245 _aFrom the bagmati to the potomac in the vortex of change and Upheaval/
_cM.R. Josse.
260 _aKathmandu:
_bPeriwinkle prakashan,
_c2021.
300 _a182p.
650 _aEnglish essay
650 _aLiterature
942 _2ddc
_cISBN
999 _c116490
_d116478